Development of Risk Assessment and Management Model for Construction of DAMS : (Record no. 534894)

000 -LEADER
fixed length control field 00564nam a22001577a 4500
020 ## - INTERNATIONAL STANDARD BOOK NUMBER
Qualifying information Hard Cover.
082 ## - DEWEY DECIMAL CLASSIFICATION NUMBER
Classification number 620.005
100 ## - MAIN ENTRY--PERSONAL NAME
Personal name Javed, Waqas
245 ## - TITLE STATEMENT
Title Development of Risk Assessment and Management Model for Construction of DAMS :
Remainder of title A Case Study for Diamer Bhasha Dam
Statement of responsibility, etc. Waqas Javed.
260 ## - PUBLICATION, DISTRIBUTION, ETC.
Place of publication, distribution, etc. Islamabad :
Name of publisher, distributor, etc. CEME - NUST,
Date of publication, distribution, etc. 2012.
300 ## - PHYSICAL DESCRIPTION
Extent xii, 94 p. : ill. ;
Dimensions 30cm.
942 ## - ADDED ENTRY ELEMENTS (KOHA)
Source of classification or shelving scheme
Koha item type Thesis
650 ## - SUBJECT ADDED ENTRY--TOPICAL TERM
Topical term or geographic name entry element MS Thesis Engineering Management
700 ## - ADDED ENTRY--PERSONAL NAME
Personal name Dr. Syed Athar Masood.
650 ## - SUBJECT ADDED ENTRY--TOPICAL TERM
-- 25793
700 ## - ADDED ENTRY--PERSONAL NAME
-- 29301
Holdings
Withdrawn status Lost status Source of classification or shelving scheme Damaged status Not for loan Permanent Location Current Location Shelving location Date acquired Total Checkouts Full call number Barcode Date last seen Price effective from Koha item type
          Central Library (CL) Central Library (CL) Thesis 08/06/2020   620.005 CL-T-255 08/06/2020 08/06/2020 Thesis
          Central Library (CL) Central Library (CL)   08/06/2020   620.005 CL-T-256 08/06/2020 08/06/2020 Thesis
© 2023 Central Library, National University of Sciences and Technology. All Rights Reserved.